000 01306nam a2200337Ia 4500
001 Z_6196
003 CHAP
008 220113s2010 xx 000 0 und d
010 _a169437
040 _cCHAP
090 _aTesis R58 2188
100 _aRivas Martínez, Mayra Iliana
_997565
245 _aEfecto de la monensina y sebo sobre la fermentación ruminal y producción de metano en bovinos productores de leche /
_c Mayra Iliana Rivas Martínez
260 _aChihuahua, México :
_bEl autor,
_c2010
300 _a51 h.
502 _aTesis ( Maestro en Ciencias ) -- Universidad Autónoma de Chihuahua, 2010 \ Dirección: David Domínguez Díaz; asesoría: Guillermo Villalobos Villalobos, Juan Angel Ortega Gutiérrez, Leonardo Carlos Valdez...[et. al.]
650 _aAgentes antimicrobianos
_9144096
650 _aBovinos de leche
_9144097
650 _aMetabolismo Ruminal
_9144098
650 _aProducción de metano
_9144099
700 _a Ortega Gutiérrez, Juan Angel, asesor
_9144100
700 _a Valdez, Leonardo Carlos, asesor
_9144101
700 _a Villalobos Villalobos, Guillermo, asesor
_9144102
700 _aDomínguez Díaz, David, director
_9144103
901 _aTESIS R58 2188
902 _aM
910 _a2010
942 _c2
942 _c2
999 _c169437
_d169437